| 000 | 00734nam a2200241 i 4500 | ||
|---|---|---|---|
| 001 | bg | ||
| 100 | 1 | _aKRAWIEC, Frank | |
| 245 | 1 | 0 |
_aZarządzanie projektem innowacyjnym produktu i usługi / _cFrank Krawiec. |
| 260 |
_aWarszawa : _b"Difin", _c2001. |
||
| 300 |
_a218 s. : _bil. ; _c23 cm. |
||
| 504 | _aBibliogr. | ||
| 650 | 9 |
_aInnowacje _xprojekty _xzarządzanie |
|
| 650 | 9 |
_aPrzedsiębiorstwo _xorganizacja |
|
| 655 | _aPodręczniki akademickie | ||
| 020 | _a8372511071 | ||
| 040 | _cBPK | ||
| 041 | 0 | _apl | |
| 080 | _a658.1/.5.01:001.895](075.8) | ||
| 920 | _a83-7251-107-1 | ||
| 942 | _cKS | ||
| 008 | s pl f |000 0 pol | ||
| 999 |
_c41564 _d41564 |
||
| 856 |
_uhttp://koha.tu.koszalin.pl/cgi-bin/koha/opac-detail.pl?biblionumber=41564 _yKatalog online BPK |
||